000 01184cam a2200325 i 4500
001 18739077
003 EG-ScBUE
005 20240625091412.0
008 150811s2016 enka f b 001 0 eng d
020 _a9781138929876 (pbk)
040 _aDLC
_beng
_erda
_cDLC
_dEG-ScBUE
043 _af-ua---
082 0 4 _a962.056014
_222
_bTRA
245 0 0 _aTranslating dissent :
_bvoices from and with the Egyptian revolution /
_cedited by Mona Baker.
264 1 _aOxon ;
_aNew York :
_bRoutledge,
_c2016.
300 _axv, 252 pages :
_billustrations ;
_c24 cm.
336 _2rdacontent
_atext
_btxt
337 _aunmediated
_2rdamedia
_bn
338 _avolume
_bnc
_2rdacarrier
490 0 _aCritical perspectives on citizen media
504 _aIncludes bibliographical references and index.
650 7 _aTranslating and interpreting
_zEgypt
_xHistory
_y21st century.
_2BUEsh
650 7 _aTranslating and interpreting
_xPolitical aspects
_zEgypt.
_2BUEsh
650 7 _aArabic language
_xTranslating.
_2BUEsh
651 7 _aEgypt
_xHistory
_yProtests, 2011-
_2BUEsh
_936450
653 _bBUSBOL
_cMay2016
655 _vReading book
700 1 _aBaker, Mona,
_eeditor.
_939801
942 _2ddc
_cBB
999 _c21722
_d21694